| 000 | 00608nam a2200229 a 4500 | ||
|---|---|---|---|
| 999 |
_c1797 _d1797 |
||
| 007 | ta | ||
| 008 | 200120t2007 ii a|||g |||| 001 0 eng d | ||
| 020 |
_a9780761935995 _cRs. 495.00 |
||
| 040 |
_aKO _beng |
||
| 041 | 0 | _aeng | |
| 044 | _aii | ||
| 082 | 0 | 4 |
_223 _a658.45 _bSa82 |
| 100 | 1 | _aSathyanarayana, K. | |
| 245 | 1 | 0 |
_aThe Power of Humor at the Workplace / _cK. Sathyanarayana |
| 260 |
_aNew Delhi : _bResponse Books , _c2007 . |
||
| 300 |
_a283 p. : _bill. ; _c20 cm . |
||
| 504 | _aIncludes Index. | ||
| 650 | 0 |
_aHumor in the workplace _vTextbooks |
|
| 904 | _aReshma_R | ||
| 942 | _cBK | ||